Quick Pick: Lost - Missing Pieces Quiz Stats

Quiz not verified by Sporcle

Challenge
Share
Tweet
Embed
Score 0/13 Timer 01:00
0 Plays Today
% Correct
Arzt & Crafts
97.1%
Jin Has a Temper-Tantrum on the Golf Course
91.2%
King of the Castle
88.2%
Room 23
88.2%
Jack, Meet Ethan. Ethan? Jack
88.2%
Operation: Sleeper
85.3%
Buried Secrets
85.3%
The Adventures of Hurley and Frogurt
82.4%
The Deal
82.4%
So It Begins
82.4%
The Envelope
79.4%
The Watch
73.5%
Tropical Depression
73.5%

You're not logged in!

Compare scores with friends on all Sporcle quizzes.
Sign Up with Email
OR
Log In

You Might Also Like...

Show Comments

Extras

Top Quizzes Today


Score Distribution

Your Account Isn't Verified!

In order to create a playlist on Sporcle, you need to verify the email address you used during registration. Go to your Sporcle Settings to finish the process.